Rožňava

Zobrazenie: V bielom orámovaní pohľad na námestie so stromami po pravej strane a kostolami

Bibliographic Details
Format: Photo
Language:Slovak
Published: [Bratislava] Tatran 1949
Subjects:

MARC

LEADER 00000nkm a2200000 a 4500
001 vtls011877045
003 SK-MaSNL
005 20260301101539.0
007 kf bo
008 240131s1949 xo g kuslo
015 |a SNBG1949 
035 |a urn:nbn:sk:snk-km00dt9s 
035 |a urn:nbn:sk:snk-km3luqf 
035 |a 5C007731-6463-478B-8AE1-1672FC62501B 
040 |a SNK  |b slo  |c SNK  |e AACR2 
041 0 |a slo 
043 |a e-xo--- 
044 |a xo  |c SK 
072 7 |a 913  |x Regionálna geografia  |2 konspekt 
080 |a 913(437.6)  |2 2011 
080 |a (084.121)  |2 2011 
080 |a 726:27-523.42  |2 2011 
245 0 0 |a Rožňava  |h grafika 
260 |a [Bratislava]  |b Tatran  |c 1949 
300 |a 1 pohľadnica  |b čiernobiela  |c 9 x 14 cm 
520 8 |a Zobrazenie: V bielom orámovaní pohľad na námestie so stromami po pravej strane a kostolami 
650 0 7 |a kostoly  |2 SNKPH  |9 3023 
651 7 |a Rožňava (Slovensko)  |2 SNKPHgeo  |9 17394 
655 7 |a miestne pohľadnice  |2 SNKPH  |9 70510 
852 |a Slovenská národná knižnica 
958 |a GBN 
958 |a GC 
958 |a OND 
958 |a EUIPO 
999 |c 689607  |d 691537 
952 |a SNK  |b SNK  |y PREZ  |7 0  |p 17A1293467  |o snkSP 58733  |0 0  |1 0  |4 0  |d 2019-07-15  |f 1  |l 0  |r 2026-02-23 20:23:37  |w 2026-02-23